Building repairs and maintenance dealing with the survey of premises, demolitions and repairs to structure and supply services of buildings (Record no. 87580)

MARC details
000 -LEADER
fixed length control field 00548cam a2200193 4500
001 - CONTROL NUMBER
control field D14825
008 - FIXED-LENGTH DATA ELEMENTS--GENERAL INFORMATION
fixed length control field 090401t1946 xxu||||| |||| 00| 0 eng d
035 ## - SYSTEM CONTROL NUMBER
System control number (Sirsi) u18209
041 ## - LANGUAGE CODE
Language code of text/sound track or separate title eng
050 ## - LIBRARY OF CONGRESS CALL NUMBER
Classification number 690.24
100 ## - MAIN ENTRY--PERSONAL NAME
Personal name Lucas, Edgar
245 ## - TITLE STATEMENT
Title Building repairs and maintenance dealing with the survey of premises, demolitions and repairs to structure and supply services of buildings
250 ## - EDITION STATEMENT
Edition statement 2nd
260 ## - PUBLICATION, DISTRIBUTION, ETC.
Place of publication, distribution, etc. London
Name of publisher, distributor, etc. George Newnes
Date of publication, distribution, etc. 1946
300 ## - PHYSICAL DESCRIPTION
Extent x. 176p. ill. 23cm
350 ## - PRICE (NR) (BK AM CF MU VM SE) [OBSOLETE]
Price 0
942 ## - ADDED ENTRY ELEMENTS (KOHA)
Suppress in OPAC 0
948 ## - LOCAL PROCESSING INFORMATION (OCLC); SERIES PART DESIGNATOR (RLIN)
c (OCLC) 04/03/1997
Holdings
Withdrawn status Lost status Source of classification or shelving scheme Damaged status Not for loan Home library Current library Shelving location Date acquired Total Checkouts Full call number Barcode Date last seen Copy number Price effective from Koha item type
    Dewey Decimal Classification     London London Basement 14/09/1999   SHELF 118 30029717 06/08/2019 1 06/08/2019 Book